| 000 | 00605nam a2200181Ia 4500 | ||
|---|---|---|---|
| 008 | 100920s9999 xx 000 0 und d | ||
| 082 |
_b72048 _a891.464 थ 98 |
||
| 100 | _aदेवधर ज्योत्स्ना. | ||
| 245 | _aमूठभर माणुसकी. | ||
| 260 |
_bनवचैतन्य प्रकाशन, मुंबई. _c1998 |
||
| 300 |
_a168 _bसाधी |
||
| 365 | _b100 | ||
| 520 | _aनिबंध. | ||
| 630 | _aमूठभर माणुसकी. | ||
| 650 | _aनिबंध. | ||
| 730 | _aमूठभर माणुसकी. | ||
| 942 | _cBOOK | ||
| 999 |
_c713876 _d713873 |
||